00423 2200181 4500001002100000005001500021035002000036245004900056100002300105300001100128260003200139082000800171084001400179990001200193990001200205990001200217990001200229INLIS00000000000204720250527091731 a0010-05250003391 aHorison Majalah Sastra /cSoni Farid Maulana0 aSoni Farid Maulana a28 hlm aJakarta :bDepdiknas,c2008 a800 a800 SON h a0713287 a0713288 a0713289 a0713290